Представление документа в формате MARC21

Поле Инд. ПП Название Значение
Тип записи a
Библиографический уровень m
001 Контрольный номер RU/LIBMSTU/290166216
005 Дата корректировки 20151027120836.1
020 00 a ISBN 5-250-017-87-8
c Цена, тираж 52-00
084 a Индекс другой классификации/Индекс ББК 66.4(0)+65.5
090 x Авторский знак Г 59
a Полочн. индекс 66.4
245 00 a Заглавие Год планеты: Политика. Экономика. Бизнес. Банки. Образование
n Номер части/ раздела Вып. 2000 г.
c Ответственность РАН, Ин-т мировой экономики и междунар. отношений
260 00 a Место издания Москва
b Издательство Республика
c Дата издания 2000
300 00 a Объем 592 с.
650 _4 a Основная рубрика Экономика-Сборники
650 _4 a Основная рубрика Международные отношения, 20 в.-Сборники
650 _4 a Основная рубрика Культура-Сборники
653 00 a Ключевые слова Банки
a Ключевые слова Бизнес
a Ключевые слова Культура
a Ключевые слова Лидеры
a Ключевые слова Образование
a Ключевые слова Политика
a Ключевые слова Предприниматели
990 00 f Даты поступлений (DOS) 04.01